Statistics for Jungle Book Characters

Click here to take the quiz!

General Stats

  • This quiz has been taken 157 times
  • The average score is 5 of 12

Answer Stats

charactername% Correct
sloth bearBaloo
93%
young jungle boyMowgli
88%
Indian pythonKaa
68%
royal Bengal tigerShere Khan
65%
black pantherBagheera
60%
Indian wolfAkela
46%
Indian elephantHathi
25%
Indian mongooseRikki-Tikki-Tavi
17%
batMang
11%
Indian jackalTabaqui
9%
Indian peafowlMor
1%
catPappu
1%

Score Distribution

Percentile by Number Answered

Percent of People with Each Score

Your Score History

You have not taken this quiz